| 000 | 01111cam a2200301 i 4500 | ||
|---|---|---|---|
| 003 | SA-RiAUC | ||
| 005 | 20260419145339.0 | ||
| 008 | 260418s2011 su o f f000 0 ara c | ||
| 020 | _a9786038002483 | ||
| 040 |
_aSA-JeOIC _bara _cSA-RiAUC. _erda |
||
| 043 | _aa-su--- | ||
| 050 | 4 | _bM83 2011 | |
| 082 | 0 | 4 |
_a953.1 _qSA-RiAUC |
| 090 |
_a953.1 _bم ع ي |
||
| 100 | 1 |
_aالمعيقل، خليل إبراهيم سلامة، _d1379 هجري- _eمؤلف. |
|
| 245 | 1 | 0 |
_aدراسة لآثار موقع عكاظ / _bد. خليل بن إبراهيم المعيقل. |
| 250 | _aالطبعة الأولى. | ||
| 264 | 1 |
_aالرياض : _bدارة الملك عبد العزيز، _c[2011] |
|
| 300 |
_a106 صفحة : _bصور ؛ _c21 سم. |
||
| 336 |
_aنص _btxt _2rdacontent _3كتاب |
||
| 337 |
_aبدون وسيط _bn _2rdamedia |
||
| 338 |
_aمجلد _bnc _2rdacarrier |
||
| 490 | 0 |
_aكتاب الدارة ؛ _v19 |
|
| 611 | 2 | 7 |
_aسوق عكاظ _xتاريخ _2aucnm |
| 650 | 7 |
_aأسواق العرب _2aucsh |
|
| 942 |
_2ddc _cBOOK _n0 |
||
| 949 |
_aSA-JeALM _d260418 _umohamedma123 _n1 |
||
| 999 |
_c14842 _d14842 |
||